000 01912cam a22004337a 4500
001 108635
005 20230410103901.0
008 110406s2011 enk b 001 0 eng d
035 _a16724280
925 0 _aacquire
_b2 shelf copies
_xpolicy default
942 _2lcc
_cbk
010 _a 2011281317
020 _a9780745330662
020 _a0745330665
020 _a9780745330655
020 _a0745330657
035 _a(OCoLC)ocn662406239
040 _aBTCTA
_beng
_cBTCTA
_dYDXCP
_dCDX
_dDGU
_dVP@
_dBWX
_dGPI
_dOBE
_dDLC
042 _alccopycat
043 _ae------
_aa-is---
_aawba---
050 1 4 _a416 DS 119.8
_bC947e 2011
082 0 0 _a327.4
100 1 _aCronin, David.
245 1 0 _aEurope's alliance with Israel :
_baiding the occupation /
_cDavid Cronin.
260 _aLondon ;
_aNew York :
_bPluto Press ;
_aNew York :
_bDistributed in the United States of America exclusively by Palgrave Macmillan,
_c2011.
300 _a200 p. ;
_c22 cm.
504 _aIncludes bibliographical references (p. [167]-189) and index.
505 0 _aBuilding the unholy alliance -- Bowing to the United States -- Aiding the occupation -- The misappliance of science -- Profiting from Palestine's pain -- The Israel lobby comes to Europe.
651 0 _aIsrael
_xForeign relations
_zEuropean Union countries.
651 0 _aEuropean Union countries
_xForeign relations
_zIsrael.
650 0 _aArab-Israeli conflict
_y1993-
651 4 _aIsrael
_xRelaciones exteriores.
651 4 _aIsrael
_xRelaciones exteriores
_zUnión Europea
650 4 _aConflicto árabe-israelí.
856 4 2 _3Contributor biographical information
_uhttp://www.loc.gov/catdir/enhancements/fy1113/2011281317-b.html
856 4 2 _3Publisher description
_uhttp://www.loc.gov/catdir/enhancements/fy1113/2011281317-d.html
856 4 1 _3Table of contents only
_uhttp://www.loc.gov/catdir/enhancements/fy1113/2011281317-t.html
946 _adpf
999 _c27718
_d27718